| 000 | 00650cam a2200253 4500 | ||
|---|---|---|---|
| 008 | 090401t xxu||||| |||| 00| 0 eng d | ||
| 020 | _a0863421237 | ||
| 035 | _a(Sirsi) u92785 | ||
| 041 | _aeng | ||
| 050 | _a711.4 | ||
| 100 | _aChadwick, Andrew | ||
| 245 | _aOxford Brookes University - local economic impacts. | ||
| 260 |
_aOxford _bOxford Brookes University _c1998? |
||
| 300 | _a122p. ; 30cm | ||
| 350 | _a8 | ||
| 490 |
_aWorking Paper _v174 |
||
| 650 | _aECONOMY | ||
| 650 | _aOXFORD BROOKES UNIVERSITY | ||
| 650 | _aOXFORD | ||
| 690 | _aPLANNING LAW AND PRACTICE | ||
| 700 | _aGlasson, John | ||
| 942 | _n0 | ||
| 948 | _c16/04/1999 | ||
| 999 |
_c97785 _d97785 |
||